000
00323 a2200145 4500
001
65691
020
_a
9788531110177
040
_c
Anchieta - Pituba
240
1
0
_a
Bíblia Sagrada e concordância
_l
por
245
1
0
_a
Bíblia Sagrada e concordância
300
_a
1536
362
0
_a
2008
650
4
_a
Bíblia
942
_c
BK
999
_c
65691
_d
65691